000 00297nam a2200109Ia 4500
008 220204s9999 xx 000 0 und d
082 _a678.4:678.029.98
_bNAI
100 _aNair, S
245 0 _aOrganisation and operation of national TSR schemes
260 _aKuala Lumpur
_bRRIM
_c1978
942 _cBK
999 _c34300
_d34300